| 000 | 00753nam a22002177a 4500 | ||
|---|---|---|---|
| 999 |
_c13722 _d13722 |
||
| 003 | AR-CdUCM | ||
| 008 | 190416b ||||| |||| 00| 0 spa d | ||
| 020 | _a978-607-404-677-9 | ||
| 040 |
_aMUNICIPALIDAD PROVINCIAL DEL CUSCO _cBIBLIOTECA MUNICIPAL DEL CUSCO |
||
| 082 |
_aES / 919 / _bF25 |
||
| 100 |
_aFardon, John _932233 |
||
| 245 | _aLa historia del mundo / | ||
| 260 |
_aMéxico : _bSilver Dolphin, _c2015. |
||
| 300 |
_a511 páginas ; _c22 cm. |
||
| 505 | _aContenido :Orígenes de la humanidad -- El hombre, el cazador -- La vida en Egipto -- Los faraones -- El rey Arturo ... | ||
| 650 |
_aLiteratura _9416 |
||
| 650 |
_aHistoria universal _91423 |
||
| 700 |
_aParker, Victoria _932234 |
||
| 942 |
_2ddc _cLIBROS |
||
| 945 |
_arum _d2019-04-16 |
||